<?xml version="1.0" encoding="UTF-8"?>
<record
    xmlns:xsi="http://www.w3.org/2001/XMLSchema-instance"
    xsi:schemaLocation="http://www.loc.gov/MARC21/slim http://www.loc.gov/standards/marcxml/schema/MARC21slim.xsd"
    xmlns="http://www.loc.gov/MARC21/slim">

  <leader>02052nam a2200313Ia 4500</leader>
  <controlfield tag="001">H0553</controlfield>
  <controlfield tag="003">IT-RoPAU</controlfield>
  <controlfield tag="008">130308s9999    xx            000 0 und d</controlfield>
  <datafield tag="040" ind1=" " ind2=" ">
    <subfield code="a">IT-RoPAU</subfield>
  </datafield>
  <datafield tag="040" ind1=" " ind2=" ">
    <subfield code="c">IT-RoPAU</subfield>
  </datafield>
  <datafield tag="041" ind1=" " ind2=" ">
    <subfield code="a">ITALIANO</subfield>
  </datafield>
  <datafield tag="100" ind1=" " ind2=" ">
    <subfield code="a">Fumaroli Marc</subfield>
  </datafield>
  <datafield tag="100" ind1=" " ind2=" ">
    <subfield code="g">Codice Aut. SPICS:  6380</subfield>
  </datafield>
  <datafield tag="240" ind1=" " ind2=" ">
    <subfield code="a">AGE DE L'ELOQUENCE (L')</subfield>
  </datafield>
  <datafield tag="240" ind1=" " ind2=" ">
    <subfield code="g">Codice Tit. Orig. Spics: T3299</subfield>
  </datafield>
  <datafield tag="245" ind1=" " ind2=" ">
    <subfield code="a">"Et&#xE0; dell'eloquenza (L'). Retorica  e ""Res literaria"" dal Rinascimento alle soglie dell'epoca classica"</subfield>
  </datafield>
  <datafield tag="245" ind1=" " ind2=" ">
    <subfield code="b">"Eta' dell'Eloquenza (L'). Retorica e ""Res Literaria"" dal Rinascimento Alle Soglie dell'Epoca Classica"</subfield>
  </datafield>
  <datafield tag="250" ind1=" " ind2=" ">
    <subfield code="a">1a ed.</subfield>
  </datafield>
  <datafield tag="260" ind1=" " ind2=" ">
    <subfield code="a">MILANO</subfield>
  </datafield>
  <datafield tag="260" ind1=" " ind2=" ">
    <subfield code="b">Adelphi</subfield>
  </datafield>
  <datafield tag="260" ind1=" " ind2=" ">
    <subfield code="c">2002 [1&#xB0; Ed.:2002 - Ed.Ling.Originale:1980]</subfield>
  </datafield>
  <datafield tag="300" ind1=" " ind2=" ">
    <subfield code="a">"846 p. (prefazione: no ; testo: 846 [pagine: 0-0])"</subfield>
  </datafield>
  <datafield tag="500" ind1=" " ind2=" ">
    <subfield code="a">"Prima Parte: Roma e la Disputa del Ciceronianismo: Aetas Ciceroniana: Cielo delle Idee Retorico: Cicerone, Seneca, Tacito, S. Agostino; splendore e Declino della Prima rinascita Ciceroniana; Concilio di Trento e riforma dell'Eloquenza Sacra; Teorici Gesuiti del Ciceronianismo Religioso. seconda Parte: dal molteplice All'Uno e Stili Gesuitici: Gesuiti e Gallicani, una Rivalit&#xE0; Oratoria; Gesuiti Francesi e Sofistica Sacra; Apogeo e crepuscolo della Sofistica Sacra; Avversari Gesuiti della Corruzione dell'Eloquenza. parte Terza: Stile di Parlamento: Eloquenza parlamentare e Repubblica delle lettere nel XVI Secolo; magistratura Oratoria del Palazzo; Prima Mediazione Classica: Dall'Avvocato All'Uomo di Lettere, Aventino della Parola Gallicana,Parnaso dell'Eloquenza Reale. Conclusione: Dall'Accademia di Christophe Dethou All'Academie Francaise. Conclusione Generale: le Due Retoriche: Retorica Gesuitica delle pitture  (1604 1644); Sviluppo, Declino e Trasfigurazione della Retorica delle Citazioni. indice dei Nomi. Retorica: Arte di Parlarbene; Arte di Persuadere."</subfield>
  </datafield>
  <datafield tag="650" ind1=" " ind2=" ">
    <subfield code="a">SAGGI DI LINGUISTICA</subfield>
  </datafield>
  <datafield tag="650" ind1=" " ind2=" ">
    <subfield code="e">Codice materia Spics: 3207</subfield>
  </datafield>
  <datafield tag="942" ind1=" " ind2=" ">
    <subfield code="c">BK</subfield>
  </datafield>
  <datafield tag="957" ind1=" " ind2=" ">
    <subfield code="7">1</subfield>
  </datafield>
  <datafield tag="999" ind1=" " ind2=" ">
    <subfield code="c">87946</subfield>
    <subfield code="d">87946</subfield>
  </datafield>
  <datafield tag="999" ind1=" " ind2=" ">
    <subfield code="g">1</subfield>
  </datafield>
  <datafield tag="952" ind1=" " ind2=" ">
    <subfield code="0">0</subfield>
    <subfield code="1">0</subfield>
    <subfield code="4">0</subfield>
    <subfield code="6">H_000000000000000_0553</subfield>
    <subfield code="7">1</subfield>
    <subfield code="a">SPICS</subfield>
    <subfield code="b">SPICS</subfield>
    <subfield code="d">2013-03-08</subfield>
    <subfield code="l">0</subfield>
    <subfield code="o">H0553</subfield>
    <subfield code="r">2013-03-08 00:00:00</subfield>
    <subfield code="w">2013-03-08</subfield>
    <subfield code="y">BK</subfield>
    <subfield code="z">Progressivo inserimento:  3671 /  N. Volumi: 1 Copie: 1  / data import: 1 marzo 2013 - By Epidotti, Trombetti, Vaglietti. </subfield>
  </datafield>
</record>
